<?xml version="1.0" encoding="UTF-8"?>
<record
    xmlns:xsi="http://www.w3.org/2001/XMLSchema-instance"
    xsi:schemaLocation="http://www.loc.gov/MARC21/slim http://www.loc.gov/standards/marcxml/schema/MARC21slim.xsd"
    xmlns="http://www.loc.gov/MARC21/slim">

  <leader>00411nam a22001577a 4500</leader>
  <controlfield tag="003">OSt</controlfield>
  <controlfield tag="008">201202b           ||||| |||| 00| 0 eng d</controlfield>
  <datafield tag="100" ind1=" " ind2=" ">
    <subfield code="a">KUMAR, Kuldeep</subfield>
  </datafield>
  <datafield tag="245" ind1=" " ind2=" ">
    <subfield code="a">Engineering Mathematics-I Calculus and Linear Algebra</subfield>
  </datafield>
  <datafield tag="250" ind1=" " ind2=" ">
    <subfield code="a">5th ed.</subfield>
  </datafield>
  <datafield tag="260" ind1=" " ind2=" ">
    <subfield code="a">New Delhi</subfield>
    <subfield code="b">Bharat Publication </subfield>
    <subfield code="c">2018</subfield>
  </datafield>
  <datafield tag="300" ind1=" " ind2=" ">
    <subfield code="a">MISC 4.52</subfield>
  </datafield>
  <datafield tag="650" ind1=" " ind2=" ">
    <subfield code="a">Mathematics </subfield>
  </datafield>
  <datafield tag="700" ind1=" " ind2=" ">
    <subfield code="a"> KUMAR, Rajesh.</subfield>
  </datafield>
  <datafield tag="942" ind1=" " ind2=" ">
    <subfield code="2">ddc</subfield>
    <subfield code="c">BK</subfield>
  </datafield>
  <datafield tag="999" ind1=" " ind2=" ">
    <subfield code="c">9326</subfield>
    <subfield code="d">9326</subfield>
  </datafield>
  <datafield tag="952" ind1=" " ind2=" ">
    <subfield code="0">0</subfield>
    <subfield code="1">0</subfield>
    <subfield code="2">ddc</subfield>
    <subfield code="4">0</subfield>
    <subfield code="7">0</subfield>
    <subfield code="8">APPLIED</subfield>
    <subfield code="a">PIET</subfield>
    <subfield code="b">PIET</subfield>
    <subfield code="d">2020-12-02</subfield>
    <subfield code="e">Bharat Publications </subfield>
    <subfield code="f">IN Rupees</subfield>
    <subfield code="g">280.00</subfield>
    <subfield code="k">20-21/152</subfield>
    <subfield code="l">7</subfield>
    <subfield code="p">BB14518</subfield>
    <subfield code="r">2026-01-28 00:00:00</subfield>
    <subfield code="s">2025-08-28</subfield>
    <subfield code="v">210.00</subfield>
    <subfield code="w">2020-12-02</subfield>
    <subfield code="y">BB</subfield>
  </datafield>
  <datafield tag="952" ind1=" " ind2=" ">
    <subfield code="0">0</subfield>
    <subfield code="1">0</subfield>
    <subfield code="2">ddc</subfield>
    <subfield code="4">0</subfield>
    <subfield code="7">0</subfield>
    <subfield code="8">APPLIED</subfield>
    <subfield code="a">PIET</subfield>
    <subfield code="b">PIET</subfield>
    <subfield code="d">2020-12-02</subfield>
    <subfield code="e">Bharat Publications </subfield>
    <subfield code="f">IN Rupees</subfield>
    <subfield code="g">280.00</subfield>
    <subfield code="k">20-21/152</subfield>
    <subfield code="l">6</subfield>
    <subfield code="p">BB14519</subfield>
    <subfield code="r">2026-01-23 00:00:00</subfield>
    <subfield code="s">2025-08-27</subfield>
    <subfield code="v">210.00</subfield>
    <subfield code="w">2020-12-02</subfield>
    <subfield code="y">BB</subfield>
  </datafield>
</record>
